[Event "Wch (Men) U26"]
[Site "Rotterdam"]
[Date "1998.08.18"]
[Round "7"]
[White "Barva, Attila"]
[Black "Har Zvi, Ronen"]
[Result "0-1"]
[WhiteElo "2290"]
[BlackElo "2505"]

1.d4 d6 2.e4 g6 3.Nc3 Bg7 4.Nf3 Nf6 5.Bf4 Nc6 6.Qd2 O-O 7.d5 e5 8.Bh6 Bxh6
9.Qxh6 Nd4 10.O-O-O Nxf3 11.gxf3 Nh5 12.Rg1 Qh4 13.Bd3 Qf4+ 14.Qxf4 Nxf4
15.h4 f5 16.Bf1 Bd7 17.Rd2 Rf7 18.Kd1 Raf8 19.Ke1 a6 20.a3 Kh8 21.b3 Kg7
22.Nd1 Nh5 23.Be2 fxe4 24.fxe4 Kh6 25.Ne3 Rf4 26.Bg4 Nf6 27.Bxd7 Nxd7 28.h5 Rxe4
29.Re2 Ref4 30.hxg6 hxg6 31.Ng4+ Kg7 32.Re3 Nb6 33.c4 a5 34.a4 Rf3 35.Rg3 Rxe3+
36.Rxe3 Nd7 37.Nh2 Nc5 38.Nf3 Rf4 39.Ng5 Rg4 40.Ne6+ Nxe6 41.dxe6 Rh4 42.c5 Kf6
43.cxd6 cxd6 44.Rg3 Rh7  0-1

[Event "ESP-ch"]
[Site "Linares"]
[Date "1998.08.19"]
[Round "8"]
[White "Martin Gonzalez, Angel"]
[Black "Fernandez Siles, Luis"]
[Result "1-0"]
[WhiteElo "2425"]
[BlackElo "2280"]

1.e4 g6 2.d4 Bg7 3.Nc3 d6 4.f4 Nf6 5.Nf3 c5 6.dxc5 Qa5 7.Bd3 Qxc5 8.Qe2 O-O
9.Be3 Qa5 10.O-O Bg4 11.h3 Bxf3 12.Qxf3 Nc6 13.a3 Nd7 14.Bd2 Nd4 15.Qf2 Nc5
16.Nd5 Qd8 17.Bc3 Nxd3 18.cxd3 Nb3 19.Bxg7 Kxg7 20.Rad1 e6 21.Ne3 Rc8 22.f5 exf5
23.exf5 f6 24.fxg6 hxg6 25.d4 Qa5 26.Qg3 Qg5 27.Nf5+ gxf5 28.Qxb3 Rf7 29.Rd3 f4
30.Rdf3 Rh8 31.Rxf4 Rh4 32.R4f3 Qd2 33.Rd3 Qe2 34.Rg3+ Kf8 35.Qc3 Re4 36.Qb4 Qa6
37.Rgf3 Kg7 38.Rg3+ Kf8 39.Qc3 Qc6 40.Qd2 Qd5 41.Rf4 f5 42.Kh2 Rg7 43.Rgf3 Ke8
44.Rxf5 Qxd4 45.Rd3 Qc4 46.Rxd6 Qc7 47.Qh6 Rg8  1-0

[Event "Wch (Men) U26"]
[Site "Rotterdam"]
[Date "1998.08.19"]
[Round "8"]
[White "Zubarev, Alexander"]
[Black "Lemmers, Oscar"]
[Result "1-0"]
[WhiteElo "2360"]
[BlackElo "2380"]

1.e4 g6 2.d4 d6 3.Nc3 Bg7 4.g3 Nc6 5.Be3 e5 6.dxe5 Nxe5 7.h3 Ne7 8.f4 N5c6
9.g4 d5 10.Nxd5 Bxb2 11.Rb1 Bg7 12.Bg2 O-O 13.Ne2 f5 14.gxf5 gxf5 15.e5 Ng6
16.O-O Kh8 17.Ng3 Rb8 18.Qe2 Be6 19.Rbd1 Qc8 20.Nh5 Rf7 21.Kh2 b6 22.Bh1 Nce7
23.Ndf6 Bxf6 24.exf6 Ng8 25.Rg1 c5 26.Bc1 Bxa2 27.c4 Bb3 28.Rd2 Qe8 29.Bd5 Qxe2+
30.Rxe2 Nh6 31.Rge1 Ba4 32.Bb2 Rd8 33.Re7 Rdf8 34.Rxa7 Bc2 35.Bxf7 Nxf7 36.Rxf7 Rxf7
37.Re8+  1-0

[Event "POL-chTJ"]
[Site "Rowy"]
[Date "1998.08.20"]
[Round "1"]
[White "Stefanek, Piotr"]
[Black "Mista, Aleksander"]
[Result "0-1"]
[WhiteElo "2215"]
[BlackElo "2255"]

1.e4 g6 2.d4 Bg7 3.Nc3 d6 4.Nf3 Nf6 5.Bf4 O-O 6.Qd2 Bg4 7.Be2 Nc6 8.O-O-O Bxf3
9.Bxf3 e5 10.dxe5 dxe5 11.Be3 Qe7 12.Nd5 Nxd5 13.exd5 Nd4 14.Bxd4 exd4 15.Rhe1 Qd6
16.h4 c5 17.dxc6 bxc6 18.h5 Rab8 19.Qa5 Rb5 20.Qa4 Qf4+ 21.Kb1 Rxb2+ 22.Kxb2 d3+  0-1

[Event "Dresden op"]
[Site "Dresden"]
[Date "1998.08.21"]
[Round "6"]
[White "Pribyl, Josef"]
[Black "Ditt, Egon"]
[Result "1-0"]
[WhiteElo "2430"]
[BlackElo "2230"]

1.e4 g6 2.d4 Bg7 3.Nc3 d6 4.Be2 Nf6 5.Nf3 O-O 6.O-O c6 7.h3 a5 8.Bg5 Na6
9.Qd2 d5 10.exd5 cxd5 11.Qf4 Nb4 12.a3 Nc6 13.Bh6 Bf5 14.Rac1 Be4 15.Bxg7 Kxg7
16.Rfd1 Qb8 17.Ne5 Bf5 18.Qe3 Rd8 19.f4 Ne4 20.Nxe4 Bxe4 21.c4 f6 22.cxd5 Bxd5
23.Nxc6 bxc6 24.Qxe7+ Kg8 25.Bc4 Ra7 26.Qxf6 Rf7 27.Bxd5 cxd5 28.Qe6 Qxb2
29.Rc7 Rf8 30.Qxd5 Qxa3 31.Kh2 Qe3 32.Rf1 a4 33.Rf3 Qe8 34.Qc4 Qb8 35.Rxf7 Rxf7
36.d5 a3 37.Kg3 g5 38.Rb3 Qd6 39.Qc8+ Kg7 40.Qc3+ Rf6 41.Rb7+ Kh6 42.Kh2 Qxf4+
43.Kh1 a2 44.Ra7 Qd6 45.Qd3 Qc7 46.Rxa2 Qc1+ 47.Kh2 Qc7+ 48.Qg3 Rf4 49.Ra6+ Kh5
50.Rf6 Qe5 51.Rxf4 gxf4 52.Qg4+ Kh6 53.Qd1 f3+ 54.Kg1 Qe3+ 55.Kf1 fxg2+ 56.Kxg2 Qg5+
57.Kh1 Qf5 58.Qd2+ Kg6 59.Kg2 Qe4+ 60.Kg1 Kf7 61.Kf2 Qf5+ 62.Kg3 Ke7 63.Qb4+ Kd8
64.Qd6+ Ke8 65.h4 Qd3+ 66.Kf4 Qd2+ 67.Kf5 Qd3+ 68.Kg5 Qd2+ 69.Kh5 Qd1+ 70.Kh6 Qd2+
71.Kxh7 Qd1 72.Qe5+ Kf7 73.Qf5+ Ke7 74.h5 Qd2 75.h6 Ke8 76.Qe6+ Kf8 77.Qf6+ Ke8
78.Kg7 Qc1 79.Qe6+ Kd8 80.Qd6+  1-0

[Event "Dresden op"]
[Site "Dresden"]
[Date "1998.08.21"]
[Round "6"]
[White "Lalic, Bogdan"]
[Black "Polzin, Rainer"]
[Result "1-0"]
[WhiteElo "2560"]
[BlackElo "2420"]

1.d4 g6 2.e4 Bg7 3.Nc3 d6 4.f4 a6 5.Nf3 Nd7 6.Be3 b5 7.Bd3 c5 8.e5 Bb7 9.Be4 Bxe4
10.Nxe4 Nh6 11.dxc5 Ng4 12.Qe2 dxe5 13.O-O-O Qc7 14.fxe5 Ngxe5 15.Bf4 Nd3+
16.Rxd3 Qxf4+ 17.Kb1 Ne5 18.Rd4 O-O 19.Nc3 Qf5 20.Rd5 f6 21.Nxe5 fxe5 22.Ne4 Rad8
23.Rxd8 Rxd8 24.Rf1 Qe6 25.b3 Rd4 26.c3 Rd8 27.Kc2 b4 28.Ng5 Qd5 29.Rd1  1-0

[Event "Hampstead Rated3"]
[Site "Hampstead"]
[Date "1998.08.21"]
[Round "7"]
[White "Hodgson, John H"]
[Black "Salem, Ihab"]
[Result "0-1"]
[WhiteElo "2245"]
[BlackElo "2185"]

1.e4 g6 2.d4 Bg7 3.Nc3 d6 4.Nge2 Nf6 5.g3 O-O 6.Bg2 e5 7.h3 Nc6 8.Be3 exd4
9.Nxd4 Re8 10.O-O a6 11.a4 Ne5 12.b3 Rb8 13.f4 Ned7 14.Nde2 b5 15.axb5 axb5
16.Ba7 Rb7 17.e5 dxe5 18.fxe5 Rxe5 19.Bd4 Re8 20.Bxb7 Bxb7 21.b4 Qc8 22.Kh2 c5
23.bxc5 Qc6 24.Rg1 b4 25.Na2 Ne5 26.Bxe5 Rxe5 27.Nf4 Qxc5 28.Nd3 Qe3 29.Rg2 Qe4
30.Rg1  0-1

[Event "Hampstead Rated3"]
[Site "Hampstead"]
[Date "1998.08.21"]
[Round "7"]
[White "Chakraborty, Kumardip"]
[Black "Shevelev, Ilya"]
[Result "0-1"]
[WhiteElo "1904"]
[BlackElo "1880"]

1.e4 d6 2.d4 g6 3.Nc3 Bg7 4.f4 Nf6 5.Nf3 O-O 6.Bd3 Nc6 7.O-O Bg4 8.Be3 e5
9.dxe5 dxe5 10.h3 exf4 11.Bc5 Bxf3 12.Qxf3 Nh5 13.Bxf8 Bd4+ 14.Kh2 Ne5 15.Qd1 Qh4
16.Be7 g5 17.Be2 f3 18.Qe1 Ng4+  0-1

[Event "Hampstead Rated3"]
[Site "Hampstead"]
[Date "1998.08.22"]
[Round "8"]
[White "Quilter, Thomas"]
[Black "Soh, Edmund"]
[Result "1/2-1/2"]
[WhiteElo "2120"]
[BlackElo "1872"]

1.e4 g6 2.d4 Bg7 3.Nc3 d6 4.f4 Nf6 5.Nf3 c5 6.e5 Nfd7 7.e6 fxe6 8.Ng5 Nf6
9.dxc5 Nc6 10.Bd3 O-O 11.O-O d5 12.Re1 e5 13.fxe5 Ng4 14.h3 Ngxe5  1/2-1/2

[Event "POL-chTJ"]
[Site "Rowy"]
[Date "1998.08.22"]
[Round "3"]
[White "Fojudzki, Marcin"]
[Black "Mista, Aleksander"]
[Result "1/2-1/2"]
[WhiteElo "2050"]
[BlackElo "2255"]

1.e4 g6 2.d4 Bg7 3.Nc3 d6 4.Bc4 Nf6 5.Qe2 Nc6 6.e5 Nd7 7.Nf3 Nb6 8.Bb3 O-O
9.h3 Na5 10.Bf4 c5 11.dxc5 dxc5 12.Rd1 Qe8 13.Bd5 Na4 14.Nb5 e6 15.Nd6 Qe7
16.Bb3 Nxb2 17.Rb1 c4 18.Rxb2 cxb3 19.cxb3 Nc6 20.O-O f6 21.Rd2 fxe5 22.Bxe5 Bh6
23.Nxc8 Raxc8 24.Bd6 Qf7  1/2-1/2

[Event "Asia-ch"]
[Site "Teheran"]
[Date "1998.08.22"]
[Round "7"]
[White "Saltaev, Mihail"]
[Black "Kakageldyev, Amanmurad"]
[Result "1/2-1/2"]
[WhiteElo "2525"]
[BlackElo "2475"]

1.e4 g6 2.d4 Bg7 3.Nc3 d6 4.f4 Nf6 5.Nf3 O-O 6.Bd3 Na6 7.O-O c5 8.Kh1 cxd4
9.Nxd4 Nc5 10.Nf3 b6 11.Qe1 Bb7 12.f5 e6 13.fxe6 fxe6 14.Bd2  1/2-1/2

[Event "Dresden op"]
[Site "Dresden"]
[Date "1998.08.23"]
[Round "8"]
[White "Beckmann, Klaus"]
[Black "Polzin, Rainer"]
[Result "0-1"]
[WhiteElo "2285"]
[BlackElo "2420"]

1.e4 g6 2.d4 Bg7 3.Nc3 d6 4.Nf3 Nf6 5.Bg5 c6 6.Qd2 O-O 7.O-O-O b5 8.e5 b4
9.exf6 bxc3 10.Qxc3 exf6 11.Bf4 g5 12.Be3 Be6 13.h4 g4 14.Nd2 f5 15.Nb3 a5
16.a4 Nd7 17.Bc4 Bxc4 18.Qxc4 Qc8 19.Bf4 Nb6 20.Qd3 Qd7 21.h5 h6 22.Nd2 c5
23.Nc4 Nxc4 24.Qxc4 Rab8 25.b3 cxd4 26.Qd5 Rfc8 27.Rd3 Qc7 28.c4 dxc3 29.Bxd6 Qb6
30.Bxb8 Qxf2  0-1

[Event "Hampstead Rated3"]
[Site "Hampstead"]
[Date "1998.08.23"]
[Round "9"]
[White "Larski, Stanislav"]
[Black "Salem, Ihab"]
[Result "1-0"]
[WhiteElo "2190"]
[BlackElo "2185"]

1.e4 g6 2.d4 d6 3.Nc3 Bg7 4.f4 c6 5.Nf3 b5 6.Bd3 b4 7.Ne2 Bg4 8.O-O e6 9.h3 Bxf3
10.Rxf3 d5 11.e5 h5 12.g3 Nh6 13.a3 bxa3 14.b3 Nd7 15.Bxa3 Nf5 16.c3 Bf8
17.Bxf8 Kxf8 18.b4 Nb6 19.Ra5 Rh7 20.Qd2 Kg8 21.Rf1 h4 22.g4 Ng3 23.Nxg3 hxg3
24.Kg2 f5 25.exf6 Qxf6 26.Qe1 Rf8 27.Qxg3 Nc8 28.Ra6 Nb6 29.Ra2 Rff7 30.g5 Qg7
31.Re2 Re7 32.Rfe1 Qf7 33.Qg4 Nd7 34.Rxe6 Rxe6 35.Rxe6 Nf8 36.Rf6 Qe8 37.Qe2 Re7
38.Qc2 Re3 39.Qd2 Kg7 40.Rxc6 Qxc6 41.Qxe3 Qxc3 42.b5 Qb2+ 43.Kg3 Qc3 44.Kh4 Qa3
45.f5 gxf5 46.Qe5+ Kg8 47.Bxf5 Qf3 48.g6 Qf2+ 49.Kh5 Qf3+ 50.Kh6 Qf2 51.Qg7+  1-0

[Event "Dresden op"]
[Site "Dresden"]
[Date "1998.08.24"]
[Round "9"]
[White "Polzin, Rainer"]
[Black "Gipslis, Aivars"]
[Result "1-0"]
[WhiteElo "2420"]
[BlackElo "2450"]

1.e4 g6 2.d4 Bg7 3.Nc3 d6 4.Nf3 a6 5.Be3 b5 6.Bd3 Nd7 7.h4 c5 8.h5 b4 9.Ne2 cxd4
10.Bxd4 Ngf6 11.h6 Bf8 12.e5 dxe5 13.Nxe5 Nxe5 14.Bxe5 Qd5 15.Bxf6 exf6 16.Rh4 f5
17.Rd4 Qe5 18.Bc4 Be6 19.Bxe6 Qxe6 20.Qd2 Be7 21.Kf1 O-O 22.Nf4 Qe5 23.Re1 Qb5+
24.Kg1 Bg5 25.Qxb4 Bxh6 26.Qxb5 axb5 27.a3 Bxf4 28.Rxf4 Rfd8 29.Re2 Kg7 30.Rb4 Rd5
31.g3 Rc5 32.c3 Kf6 33.Rd4 Ra7 34.Rd6+ Kg5 35.Red2 f4 36.R6d5+ Rxd5 37.Rxd5+ f5
38.gxf4+ Kxf4 39.Rxb5 Kf3 40.c4 f4 41.c5 Rd7 42.Rb3+ Ke2 43.c6 Rd5 44.c7 Rg5+
45.Kh2 Rc5 46.Rc3  1-0

[Event "Wiesbaden op"]
[Site "Wiesbaden"]
[Date "1998.08.25"]
[Round "5"]
[White "Rechel, Ralf"]
[Black "Habibi, Ali"]
[Result "0-1"]
[WhiteElo "2145"]
[BlackElo "2350"]

1.e4 g6 2.d4 Bg7 3.Nc3 d6 4.Bc4 Nf6 5.Nf3 O-O 6.Qe2 Nc6 7.e5 dxe5 8.dxe5 Ng4
9.e6 Nge5 10.Nxe5 Nxe5 11.exf7+ Kh8 12.Bb3 Nc6 13.Be3 e6 14.Bc5 Rxf7 15.Bxe6 Bxe6
16.Qxe6 Rf5 17.Be3 Nd4 18.Qe4 Re5 19.Qd3 Rxe3+ 20.fxe3 Qh4+ 21.g3 Nf3+ 22.Kf2 Qh3
23.Qf1 Qf5 24.Qd3 Qh3 25.Qf1 Qh5 26.Ne2 Nxh2 27.Kg2 Nxf1 28.Rxh5 Nxe3+ 29.Kf3 Nxc2
30.Rc1 Rf8+ 31.Ke4 Re8+ 32.Kf3 Ne1+ 33.Rxe1 gxh5 34.Rc1 c6 35.Rc2 Be5 36.b3 Kg7
37.Rc5 Kg6 38.Rc4 Rd8  0-1

[Event "FRA-ch"]
[Site "Meribel"]
[Date "1998.08.26"]
[Round "13"]
[White "Marciano, David"]
[Black "Chomet, Pascal"]
[Result "1-0"]
[WhiteElo "2525"]
[BlackElo "2405"]

1.e4 g6 2.d4 Bg7 3.Nc3 d6 4.Be3 a6 5.f4 b5 6.Be2 Bb7 7.Bf3 e6 8.g4 Nd7 9.e5 Bxf3
10.Qxf3 Ne7 11.Nge2 O-O 12.O-O-O b4 13.Ne4 Nd5 14.g5 a5 15.h4 b3 16.cxb3 a4
17.h5 axb3 18.a3 Qe7 19.Nf6+ Bxf6 20.gxf6 N7xf6 21.exf6 Qxf6 22.Qh3 Qe7 23.Rdg1 c5
24.hxg6 fxg6 25.Rxg6+ hxg6 26.Qh8+ Kf7 27.Rh7+ Ke8 28.Rxe7+ Kxe7 29.Qh7+ Rf7
30.Qh4+ Kd7 31.Bd2 c4 32.Nc3 g5 33.Qh5 Rff8 34.Nxd5 exd5 35.Qg6 Rh8 36.Bb4 Rh1+
37.Kd2 Rh2+ 38.Ke3 gxf4+ 39.Kxf4 Ra6 40.Qf7+ Kc6 41.Qe8+ Kc7 42.Qb5  1-0

[Event "Asia-ch"]
[Site "Teheran"]
[Date "1998.08.26"]
[Round "10"]
[White "Nirosh, De Silva"]
[Black "Kakageldyev, Amanmurad"]
[Result "0-1"]
[WhiteElo "2025"]
[BlackElo "2475"]

1.e4 g6 2.d4 Bg7 3.Nc3 d6 4.Be3 c6 5.Qd2 Nf6 6.f3 b5 7.Bd3 Nbd7 8.h4 h5 9.Nh3 Nb6
10.Nf2 Qc7 11.a4 Nc4 12.Bxc4 bxc4 13.O-O O-O 14.Bh6 Rb8 15.Bxg7 Kxg7 16.Rab1 d5
17.e5 Ng8 18.g4 Nh6 19.gxh5 Nf5 20.Ng4 Rh8 21.h6+ Kh7 22.Qf4 Be6 23.Ne2 Qa5
24.Qg5 Qxa4 25.Nf4 Qxc2 26.Rfc1 Qb3 27.Nxe6 fxe6 28.Kf2 Rhf8 29.Rc3 Qa4 30.Nf6+ exf6
31.Ra3  0-1

[Event "POL-chTJ"]
[Site "Rowy"]
[Date "1998.08.29"]
[Round "10"]
[White "Jasik, Krzysztof"]
[Black "Mista, Aleksander"]
[Result "0-1"]
[WhiteElo "2220"]
[BlackElo "2255"]

1.e4 g6 2.d4 Bg7 3.Nc3 d6 4.f4 Nf6 5.Nf3 c5 6.Bb5+ Bd7 7.e5 Ng4 8.e6 fxe6
9.Ng5 Bxb5 10.Nxb5 Qa5+ 11.c3 Qxb5 12.Qxg4 cxd4 13.Nxe6 Qc4 14.Nxg7+ Kf7
15.Nf5 Qe6+ 16.Ne3 dxe3 17.Qxe6+ Kxe6 18.Bxe3 Nc6 19.O-O Rhf8 20.b3 b5 21.Rfe1 Kd7
22.Rad1 a5 23.g3 a4 24.c4 axb3 25.axb3 bxc4 26.bxc4 Rfb8 27.c5 Kc7 28.f5 gxf5
29.Bf4 Rd8 30.Re6 Ra4 31.cxd6+ exd6 32.Bxd6+ Kd7 33.Rh6 Rd4 34.Rxd4 Nxd4
35.Bc5 Nf3+ 36.Kf2 Ne5 37.Ke2 Rc8 38.Bd4 Ng4 39.Rxh7+ Ke6 40.h3 Rc2+ 41.Kd3 Rh2
42.Rh5 Nf2+ 43.Bxf2 Rxf2 44.Ke3 Rf1 45.Rh8 Ke5 46.Re8+ Kf6 47.h4 Re1+  0-1

[Event "POL-chTJ"]
[Site "Rowy"]
[Date "1998.08.30"]
[Round "11"]
[White "Fojudzki, Marcin"]
[Black "Stefanek, Piotr"]
[Result "1-0"]
[WhiteElo "2050"]
[BlackElo "2215"]

1.e4 g6 2.d4 Bg7 3.Nc3 d6 4.Bc4 Nf6 5.Qe2 e5 6.dxe5 dxe5 7.Bg5 c6 8.Nf3 Nbd7
9.O-O-O O-O 10.Nxe5 Qa5 11.Bxf6 Nxf6 12.Nxf7 Rxf7 13.e5 Ng4 14.e6 Qg5+ 15.f4 Qxf4+
16.Kb1 Bxe6 17.Bxe6 Ne5 18.Rhf1 Qb4 19.Bxf7+ Nxf7 20.Qe6 Rf8 21.a3 Qb6 22.Rd3 c5
23.Qxb6 axb6 24.Rd7 Ne5 25.Rxf8+ Kxf8 26.Rxb7 Nc4 27.Na4  1-0

[Event "Karl Wagner mem 5th"]
[Site "Graz"]
[Date "1998.09.06"]
[Round "2.21"]
[White "Wittmann, Walter"]
[Black "Adinolfi, Vincenzo"]
[Result "1-0"]
[WhiteElo "2380"]
[BlackElo "2170"]

1.e4 d6 2.d4 g6 3.Nc3 Bg7 4.Nf3 Nd7 5.Bc4 e6 6.Bg5 Ne7 7.Qd2 h6 8.Be3 c6
9.a4 Nf6 10.Bd3 Ng4 11.Bf4 e5 12.dxe5 Nxe5 13.Nxe5 dxe5 14.Be3 Be6 15.O-O Qc7
16.a5 f5 17.Qe2 O-O 18.Bc4 Bxc4 19.Qxc4+ Kh7 20.Bc5 Rfd8 21.Qe6 Rd7 22.Rfd1 Rad8
23.Rxd7 Qxd7 24.Qxe7 Qd2 25.Be3  1-0

[Event "Taufkirchen"]
[Site "Taufkirchen"]
[Date "1998.09.06"]
[Round "9"]
[White "Ebner, Josef"]
[Black "Hofmann, Max"]
[Result "0-1"]
[WhiteElo "1979"]
[BlackElo "2157"]

1.d4 g6 2.e4 Bg7 3.Nc3 d6 4.Be3 c6 5.Qd2 b5 6.a3 a6 7.f3 Nd7 8.h4 Nb6 9.h5 Nc4
10.Bxc4 bxc4 11.h6 Bf8 12.d5 Rb8 13.dxc6 e6 14.Qd4 f6 15.O-O-O Qc7 16.Qxc4 Ne7
17.Qd4 Nxc6 18.Qxf6 Rg8 19.Nge2 Be7 20.Qf4 Ne5 21.b3 Qa5 22.a4 Bd7 23.Bd4  0-1

[Event "Herzliya"]
[Site "Herzliya"]
[Date "1998.09.07"]
[Round "2"]
[White "Afek, Yochanan"]
[Black "Kanstler, Boris"]
[Result "0-1"]
[WhiteElo "2375"]
[BlackElo "2535"]

1.e4 g6 2.d4 Bg7 3.Nc3 d6 4.Nf3 Nf6 5.Be2 O-O 6.O-O c6 7.Be3 Nbd7 8.h3 e5
9.dxe5 dxe5 10.Qd2 Qe7 11.Rad1 Nc5 12.Bg5 Re8 13.Rfe1 b5 14.Bxf6 Qxf6 15.Qe3 Qe7
16.Bf1 Ne6 17.Ne2 Bb7 18.c3 Qc5 19.Nc1 Rad8 20.Rxd8 Rxd8 21.Nb3 Qb6 22.Qxb6 axb6
23.g3 Kf8 24.Be2 Ke7 25.Rd1 Ra8 26.a3 Bc8 27.h4 Nc7 28.Nbd2 c5 29.c4 b4 30.axb4 cxb4
31.Ne1 Bb7 32.Nd3 Na6 33.f3 f5 34.b3 Rd8 35.exf5 gxf5 36.Nf1 e4 37.fxe4 fxe4
38.Nf4 Rxd1 39.Bxd1 Bd4+ 40.Kh2 Kd6 41.Ne2 Bf2 42.h5 Nc5 43.g4 Ne6 44.Nfg3 Ke5
45.Nf5 Ng5 46.Ne7 Bc5 47.Nd5 b5 48.Kg3 bxc4 49.bxc4 Ba6 50.Bb3 Nf3 51.Nc7 Bc8
52.h6 Nd2  0-1

[Event "CRO-chT"]
[Site "Porec"]
[Date "1998.09.07"]
[Round "3"]
[White "Lalic, Bogdan"]
[Black "Arapovic, Vitomir"]
[Result "1/2-1/2"]
[WhiteElo "2560"]
[BlackElo "2445"]

1.d4 g6 2.e4 Bg7 3.Nc3 d6 4.f4 c6 5.Nf3 Bg4 6.Be3 Qb6 7.Qd3 Bxf3 8.gxf3 Nd7
9.O-O-O Qa5 10.Kb1 Ngf6 11.h4 d5 12.Bh3 e6 13.f5 exf5 14.exf5 Qc7 15.Bg1 O-O
16.Bh2 Qd8 17.fxg6 fxg6 18.f4 Nb6 19.f5 Nc4 20.fxg6 Qb6 21.b3 Rae8 22.gxh7+ Kh8
23.Rhg1 Nh5  1/2-1/2

[Event "Politiken zt"]
[Site "Munkebo"]
[Date "1998.09.11"]
[Round "1.2"]
[White "Thorhallsson, Throstur"]
[Black "Petursson, Margeir"]
[Result "0-1"]
[WhiteElo "2495"]
[BlackElo "2555"]

1.e4 g6 2.d4 Bg7 3.Nc3 d6 4.Be3 a6 5.a4 Nf6 6.h3 O-O 7.Nf3 b6 8.e5 Nfd7 9.exd6 cxd6
10.g3 Bb7 11.Bg2 Nc6 12.O-O Nf6 13.Ng5 d5 14.Nf3 Ne4 15.Nxe4 dxe4 16.Nd2 Nxd4
17.Nxe4 Rb8 18.c3 Nf5 19.Qxd8 Rfxd8 20.Bf4 e5 21.Bg5 Bxe4 22.Bxe4 f6 23.Bxf5 gxf5
24.Be3 Kf7 25.Rfd1 Rxd1+ 26.Rxd1 Ke6 27.Kf1 Bf8 28.Ke2 Bd6 29.c4 h5 30.h4 Bc7
31.Rd3 f4 32.gxf4 exf4 33.Bc1 Rg8 34.Rd5 Be5 35.Kf3 Rg4 36.a5 b5 37.Rd8 bxc4
38.Ra8 Rxh4 39.Rxa6+ Kd5 40.Rb6 Rh3+ 41.Kg2 Rb3 42.Rxb3 cxb3 43.Kh3 Kc6 44.Kh4 Kb5
45.Kxh5 Kxa5 46.Kg4 Kb5 47.Kf3 Kc4 48.Ke4 f3 49.Ke3 f5 50.Kxf3 Kd3 51.Bg5 Bxb2
52.Be7 Kc2 53.Bd6  0-1

[Event "Karl Wagner mem 5th"]
[Site "Graz"]
[Date "1998.09.12"]
[Round "8.24"]
[White "Zoister, Stefan"]
[Black "Stuhlik, Marko"]
[Result "0-1"]
[WhiteElo "2105"]
[BlackElo "2240"]

1.e4 g6 2.d4 Bg7 3.Nc3 d6 4.Nf3 Nf6 5.Be2 O-O 6.O-O c6 7.h3 Qc7 8.a4 Nbd7
9.Be3 e5 10.dxe5 dxe5 11.Nd2 Rd8 12.Qe1 Nf8 13.Nb3 Be6 14.Nc5 b6 15.Na6 Qe7
16.a5 b5 17.f3 Nh5 18.Qf2 Rd4 19.Na2 Bf6 20.Bxd4 Bh4 21.Qe3 exd4 22.Qd2 Ng3
23.Rfe1 Qf6 24.e5 Qxe5 25.Bd3 Qf6 26.f4 Nh5 27.Rf1 Bg3 28.f5 gxf5 29.Nc5 Bh4
30.Ne4 Qg6 31.Nd6 Bg5 32.Qe1 Be3+  0-1

[Event "Politiken zt"]
[Site "Munkebo"]
[Date "1998.09.12"]
[Round "1.3"]
[White "Thorhallsson, Throstur"]
[Black "Petursson, Margeir"]
[Result "0-1"]
[WhiteElo "2495"]
[BlackElo "2555"]

1.e4 g6 2.d4 Bg7 3.Nc3 d6 4.Be3 a6 5.a4 Nf6 6.h3 O-O 7.f4 Nc6 8.e5 Nd7 9.Nf3 e6
10.h4 Ne7 11.h5 c5 12.hxg6 hxg6 13.exd6 Nf5 14.Bf2 cxd4 15.Nxd4 Nxd6 16.Nf3 Nf6
17.Bc5 Nd5 18.Ne5 b6 19.Nxd5 exd5 20.Ba3 Be6 21.Qf3 Rc8 22.O-O-O b5 23.g4 Qb6
24.Qh3 Rfd8 25.Qh7+ Kf8 26.Bxd6+ Rxd6 27.Bd3 bxa4 28.Rde1 Rb8 29.b3 axb3
30.f5 bxc2 31.Bxc2 Qb2+ 32.Kd1 Bxe5 33.Rxe5 Qxe5 34.fxg6 Qd4+ 35.Kc1 Qf4+
36.Kd1  0-1

[Event "ESP-chT"]
[Site "Salamanca"]
[Date "1998.09.13"]
[Round "9"]
[White "De la Riva Aguado, Oscar"]
[Black "Mowsziszian, Karen"]
[Result "1/2-1/2"]
[WhiteElo "2510"]
[BlackElo "2525"]

1.e4 g6 2.d4 Bg7 3.Nc3 d6 4.g3 Nf6 5.Bg2 O-O 6.Nge2 e5 7.h3 Nc6 8.Be3 exd4
9.Nxd4 Bd7 10.O-O Re8 11.Re1 a6 12.a4 Nb4 13.g4 b6 14.Nde2 a5 15.Ng3 Bc6
16.Nd5 Nxe4 17.Bxe4 Rxe4 18.Nxe4 Nxd5 19.Bg5 f6 20.c4 Nb4 21.Bh4 Qf8 22.Ra3 g5
23.Bg3 Qf7 24.Rf3 h6 25.Rf5 Bd7 26.Qf3 Rf8 27.Nc3 Qxc4 28.Re7 Rf7 29.Qa8+ Kh7
30.Rxf7 Qxf7 31.Qe4 Bxf5 32.Qxf5+ Kg8 33.Qc8+ Bf8 34.Nb5 f5 35.gxf5 Nd5 36.Nd4 c5
37.Nb5 Ne7 38.Qb8 Qxf5 39.Bxd6 Ng6 40.Bxf8 Nxf8 41.Qxb6 Qxh3 42.Qxc5 Qg4+
43.Kh2 Qxa4 44.Qd5+ Kg7 45.Qe5+ Kg8 46.Qd5+  1/2-1/2

[Event "Politiken zt"]
[Site "Munkebo"]
[Date "1998.09.15"]
[Round "2.7"]
[White "Wedberg, Tom"]
[Black "Danielsen, Henrik"]
[Result "1-0"]
[WhiteElo "2475"]
[BlackElo "2510"]

1.e4 g6 2.d4 Bg7 3.Nc3 d6 4.Nf3 Nf6 5.Be2 O-O 6.O-O c6 7.Re1 Nbd7 8.Bf4 Qa5
9.Nd2 Qc7 10.Bg3 b5 11.a3 e5 12.d5 a6 13.dxc6 Qxc6 14.Nf1 Bb7 15.Bf3 Nb6
16.Ne3 Rac8 17.Bh4 Nc4 18.Ned5 Nxd5 19.Nxd5 Kh8 20.Ne7 Qc5 21.Nxc8 Rxc8 22.b3 Nb6
23.Be7 Bf8 24.Bxf8 Rxf8 25.Qd2 Kg7 26.Rad1 Rd8 27.Re3 Qxa3 28.Rd3 Nc8 29.Qc3 d5
30.Qxe5+ Kg8 31.Qc7  1-0

[Event "CRO-chT"]
[Site "Porec"]
[Date "1998.09.15"]
[Round "9"]
[White "Fercec, Nenad"]
[Black "Martic, Zlatko"]
[Result "1-0"]
[WhiteElo "2490"]
[BlackElo "2305"]

1.e4 g6 2.d4 Bg7 3.Nc3 d6 4.Nge2 Nc6 5.h3 e5 6.dxe5 dxe5 7.Qxd8+ Kxd8 8.Bg5+ Nce7
9.O-O-O+ Bd7 10.Na4 Ke8 11.Nc5 Bc6 12.Nc3 b6 13.Na6 Rc8 14.Nb5 Bxb5 15.Nxc7+ Kf8
16.Nxb5 Nc6 17.Rd7 Bh6 18.Bxh6+ Nxh6 19.Nxa7  1-0

[Event "Szeged TT09 IM"]
[Site "Szeged"]
[Date "1998.09.18"]
[Round "2"]
[White "Bernat, Robert"]
[Black "Ianov, Viktor"]
[Result "0-1"]
[WhiteElo "2140"]
[BlackElo "2350"]

1.e4 d6 2.d4 g6 3.Nc3 Bg7 4.Be3 a6 5.Qd2 Nd7 6.O-O-O b5 7.Kb1 Bb7 8.f3 c5
9.h4 h5 10.Nh3 cxd4 11.Bxd4 Ngf6 12.Nd5 O-O 13.Be3 Rc8 14.Bh6 Re8 15.Bxg7 Kxg7
16.Ng5 Bxd5 17.exd5 Rc5 18.Bd3 Ne5 19.Be4 Qc7 20.f4 Neg4 21.f5 gxf5 22.Bxf5 Rxd5
23.Ne6+ fxe6 24.Qg5+ Kh8 25.Rxd5 exd5 26.Bxg4 hxg4 27.Qh6+ Nh7 28.Rf1 Rc8
29.c3 e5 30.Qe6 Qc4 31.Rf7 Qe4+ 32.Kc1 Rg8 33.h5 d4 34.h6 d3 35.b4 Qe1+  0-1

[Event "Elista ol (Men)"]
[Site "Elista"]
[Date "1998.09.30"]
[Round "2"]
[White "Dyce, Andrew"]
[Black "Sousa, Armindo"]
[Result "1-0"]
[WhiteElo "2295"]
[BlackElo "2220"]

1.d4 g6 2.e4 Bg7 3.Nc3 d6 4.Bc4 Nf6 5.Qe2 Nfd7 6.Nf3 Nb6 7.Bb3 O-O 8.Be3 Nc6
9.O-O-O Na5 10.h4 Nxb3+ 11.axb3 Bg4 12.Qd2 c6 13.h5 Bxh5 14.Rdg1 f5 15.exf5 Bxf3
16.fxg6 Bd5 17.Rxh7 Rf6 18.Bh6 Rxg6 19.Rxg7+ Rxg7 20.Bxg7 Kxg7 21.Qg5+ Kf7
22.Qf5+ Kg7 23.Rh1 Bg8 24.Rh3 e6 25.Qg4+ Kf8 26.Rf3+ Bf7 27.Qh5 Qc7 28.Qh8+  1-0

[Event "Elista ol (Men)"]
[Site "Elista"]
[Date "1998.09.30"]
[Round "2"]
[White "Grosar, Aljosa"]
[Black "Avrukh, Boris"]
[Result "0-1"]
[WhiteElo "2450"]
[BlackElo "2565"]

1.e4 g6 2.d4 Bg7 3.Nc3 d6 4.Nf3 Nf6 5.Bf4 Nc6 6.d5 e5 7.dxe6 Bxe6 8.Qd2 O-O
9.O-O-O a6 10.Ng5 Bg4 11.f3 Bd7 12.g4 b5 13.Kb1 Re8 14.h4 b4 15.Ne2 Ne5 16.Nd4 h6
17.Nh3 Nxf3 18.Nxf3 Nxe4 19.Qg2 Qf6 20.Nd4 Qxh4 21.Be2 c5 22.Bf3 Qe7 23.Rhe1 d5
24.Nb3 c4 25.Bxe4 cxb3 26.Bxd5 Qxe1 27.Rxe1 Rxe1+ 28.Bc1 bxc2+ 29.Qxc2 Rc8
30.Bc4 Bxg4 31.Nf4 Bf5 32.Nd3 Re4 33.Bxf7+ Kxf7 34.Qf2 Rd4 35.a3 Rxd3  0-1

[Event "Elista ol (Men)"]
[Site "Elista"]
[Date "1998.09.30"]
[Round "2"]
[White "Almasi, Zoltan"]
[Black "Bogdanovski, Vlatko"]
[Result "1-0"]
[WhiteElo "2650"]
[BlackElo "2515"]

1.e4 d6 2.d4 g6 3.Nc3 Bg7 4.Be3 c6 5.Qd2 b5 6.f3 Nf6 7.g4 Bb7 8.g5 Nh5 9.Nge2 Nd7
10.Bh3 Nb6 11.b3 d5 12.e5 Bf8 13.a4 b4 14.Nd1 a5 15.Bg4 Ng7 16.h4 Bc8 17.Ng3 f5
18.gxf6 exf6 19.Bxc8 Nxc8 20.h5 g5 21.Nf2 fxe5 22.Bxg5 Be7 23.Bxe7 Nxe7 24.Qh6 O-O
25.Ng4 Rxf3 26.Rg1 Qf8 27.Nxe5 Kh8 28.O-O-O Qf4+ 29.Qxf4 Rxf4 30.h6 Ne6 31.Nh5 Rf2
32.Rg7 Nxg7 33.hxg7+ Kg8 34.Ng4  1-0

[Event "Elista ol (Men)"]
[Site "Elista"]
[Date "1998.10.01"]
[Round "3"]
[White "Hernandez, Gilberto"]
[Black "Kengis, Edvins"]
[Result "1/2-1/2"]
[WhiteElo "2520"]
[BlackElo "2570"]

1.e4 g6 2.d4 Bg7 3.Nc3 d6 4.Nge2 Nf6 5.g3 O-O 6.Bg2 e5 7.h3 Nc6 8.Be3 Bd7
9.O-O exd4 10.Nxd4 Re8 11.a4 Nb4 12.Qd2 a5 13.f4 c5 14.Ndb5 Bxb5 15.axb5 d5
16.e5 d4 17.Bf2 dxc3 18.Qxd8 Rexd8 19.bxc3 Nbd5 20.c4 Nb6 21.Bxc5 Nfd7 22.Bxb6 Nxb6
23.c5 Nd7 24.Bxb7 Nxc5 25.Bxa8 Rxa8 26.Rfd1 Bf8 27.Kf2 Ne4+ 28.Kf3 Nc3 29.Rd4 Nxb5
30.Rda4 Rc8 31.Rxa5 Nd4+ 32.Ke4 Nxc2 33.Ra8 Rc3 34.Rb1 Kg7 35.Rb7 Rxg3 36.Raa7 Re3+
37.Kd5 Nb4+ 38.Kd4 Nc6+ 39.Kxe3 Nxa7 40.e6 Nc6 41.Rxf7+ Kg8 42.f5 gxf5 43.Rxf5 Ne7
44.Rf7 Ng6 45.Ke4  1/2-1/2